000 01358nam a2200385 a 4500
999 _c417953
_d417953
003 BLK
005 20250508123031.0
008 180411b bul|||||r ||||||| ||bul||
010 _aKNG00211679000
020 _a9789542620808
040 _aBLK
041 _aBUL
_cBUL
072 7 _2bullib
_aН8301
_xТрилъри Н
080 _aАмериканска литература (на САЩ)
_b821.111(73)
_x-312.4
_z821.111(73)-312.4
100 1 _aСилва, Даниъл
_eпърви автор
_9280486
139 _aСилва, Даниъл
_bС 36
245 1 0 _aОрденът
_bРоман
_cДаниъл Силва; прев. от англ. Коста Сивов.
257 _aUSA
260 _bХермес
_aПловдив
_c2021
_fКостинброд : Мултипринт
300 _a383 с.
_c20 см
380 _aX
500 _aОриг. загл. The Order / Daniel Silva.
700 _aСивов, Коста Атанасов
_9383724
852 _aЦб 306577
_bЦб
942 _cKNG
_n0
_0144
_s1
944 _aCR
_c2020-09-30
_lМинев Младен
_k30530
944 _aED
_c04.03.2018
_lф /
_kВиолета_Тройчева
944 _aED
_c2021-03-05
_l2021-03-05
_kСТ
999 _d417953
999 _d389521
999 _d389521
999 _d389521
999 _d389521
999 _d202218